| Tag |
First Indicator |
Second Indicator |
Subfields |
| LEADER |
00000cam a2200000 a 4500 |
| 001 |
in00000990390 |
| 005 |
20150927154339.0 |
| 008 |
900302s1990 azu b 00110 eng |
| 010 |
|
|
|a 90007047
|
| 020 |
|
|
|a 0897746384 (alk. paper)
|
| 035 |
|
|
|a (OCoLC)21296160
|
| 035 |
|
|
|9 AEY1441AM
|
| 040 |
|
|
|a DLC
|c DLC
|d UtOrBLW
|
| 049 |
|
|
|a TXAM
|
| 050 |
0 |
0 |
|a PE1413
|b .W515 1990
|
| 082 |
0 |
0 |
|a 808/.0666
|2 20
|
| 100 |
1 |
|
|a Weiss, Edmond H.
|
| 245 |
1 |
0 |
|a 100 writing remedies :
|b practical exercises for technical writing /
|c by Edmond H. Weiss.
|
| 264 |
|
1 |
|a Phoenix, Ariz. :
|b Oryx Press,
|c 1990.
|
| 300 |
|
|
|a xii, 177 pages ;
|c 28 cm.
|
| 336 |
|
|
|a text
|b txt
|2 rdacontent
|
| 337 |
|
|
|a unmediated
|b n
|2 rdamedia
|
| 338 |
|
|
|a volume
|b nc
|2 rdacarrier
|
| 504 |
|
|
|a Includes bibliographical references (page 169) and index.
|
| 650 |
|
0 |
|a English language
|x Rhetoric
|v Problems, exercises, etc.
|
| 650 |
|
0 |
|a English language
|x Grammar
|v Problems, exercises, etc.
|
| 650 |
|
0 |
|a Technical writing
|v Problems, exercises, etc.
|
| 650 |
|
0 |
|a Business writing
|v Problems, exercises, etc.
|
| 740 |
0 |
|
|a One hundred writing remedies.
|
| 740 |
0 |
|
|a Writing remedies.
|
| 999 |
|
|
|a MARS
|
| 999 |
f |
f |
|s 7010e5ce-ba46-3e4b-987a-978f70282206
|i c930281f-c884-37c9-acd6-1013ad6640de
|t 0
|
| 952 |
f |
f |
|p ric
|a Texas A&M University
|b Rellis Campus
|c Joint Library Facility
|s JLF
|d Remote Storage
|t 0
|e PE1413 .W515 1990
|h Library of Congress classification
|i unmediated -- volume
|m A14815060444
|
| 998 |
f |
f |
|a PE1413 .W515 1990
|t 0
|l Remote Storage
|